00600nam a2200193Ia 4500003000900000008004100009020001800050040001600068080001900084245007500103260005600178300001400234490003000248650004100278700001900319700001900338700002200357700002700379IN-BaIIA211028s9999 xx 000 0 eng d a0-87590-976-0 cIIA Library a551.510.5bOHT 0aMagnetospheric current systemscedited by Shin-ichi Ohtani….[et al.] aWashington, D. C.bAmerican Geophysical Unionc2000 axi, 401p. aGeophysics monograph; 118 aMagnetospheric currents - congresses aFujii, R., ed. aHesse, M., ed. aLysak, R. L., ed. aOhtani, Shin-ichi, ed.